Statistics for US cities with the most gambling revenue

Click here to take the quiz!

General Stats

  • This quiz has been taken 99 times
  • The average score is 6 of 15

Answer Stats

Revenue($)City% Correct
7.1 billionLas Vegas
100%
1.4 billionNew York City
85%
2.0 billionChicago
75%
2.5 billionAtlantic city
71%
694 millionReno/Sparks
66%
1.4 billionDetroit
58%
1.2 billionPhiladelphia
53%
1.3 billionBaltimore/Washington DC
42%
782 millionKansas City
29%
1.0 billionSt. Louis
27%
732 millionShreveport/Bossier
7%
907 millionLake Charles
2%
674 millionCentral City/Black Hawk
1%
1.1 billionMississippi Gulf Coast
1%
965 millionThe Poconos
0%

Score Distribution

Percentile by Number Answered

Percent of People with Each Score

Your Score History

You have not taken this quiz